Zahraniční obchod v posledním roce ČSFR.
Liberalizácia zahraničného obchodu v ČSFR v r. 1991-1992. Ekonomické nástroje zahraničnoobchodnej politiky. Východzie podmienky pre udržanie a vzostup zahraničného obchodu ČR a SR. Obrat zahraničného obchodu v r. 1992. Bilancia zahraničného obchodu ČSFR. Vývoj teritoriálnej a tovarovej štruktúry.
Salvato in:
| Autore principale: | |
|---|---|
| Natura: | Capitolo di libro |
| Lingua: | ceco |
| Soggetti: | |
| Tags: |
Nessun Tag, puoi essere il primo ad aggiungerne!!
|
MARC
| LEADER | 00000naa a2200000 4500 | ||
|---|---|---|---|
| 001 | r013094 | ||
| 005 | 20230221100009.5 | ||
| 041 | 0 | |a cze | |
| 044 | |a CZ | ||
| 245 | 1 | 0 | |a Zahraniční obchod v posledním roce ČSFR. |c Alojz Neustadt |
| 520 | |a Liberalizácia zahraničného obchodu v ČSFR v r. 1991-1992. Ekonomické nástroje zahraničnoobchodnej politiky. Východzie podmienky pre udržanie a vzostup zahraničného obchodu ČR a SR. Obrat zahraničného obchodu v r. 1992. Bilancia zahraničného obchodu ČSFR. Vývoj teritoriálnej a tovarovej štruktúry. | ||
| 610 | 2 | 0 | |a obchod zahraničný |
| 610 | 2 | 0 | |a ČSFR |
| 610 | 2 | 0 | |a 1991-1992 |
| 610 | 2 | 0 | |a liberalizácia |
| 610 | 2 | 0 | |a obrat obchodu zahraničného |
| 610 | 2 | 0 | |a Čechy |
| 610 | 2 | 0 | |a Slovensko |
| 610 | 2 | 0 | |a bilancia obchodná |
| 610 | 2 | 0 | |a údaje štatistické |
| 610 | 2 | 0 | |a štruktúra dovozu |
| 610 | 2 | 0 | |a štruktúra vývozu |
| 100 | 1 | |a Neustadt, Alojz | |